Escola d'Estiu del 1935
Descripción Física:
6 p. ; 27 cm
MARC
| LEADER | 00000nam a2200000Ia 4500 | ||
|---|---|---|---|
| 001 | 12791 | ||
| 003 | BGR | ||
| 005 | 20260410113640.0 | ||
| 008 | 160829s1935 xx 000 0 cat d | ||
| 080 | |a RF-10-40 | ||
| 111 | |a Escola d'Estiu (Barcelona) |9 70796 |c (Barcelona : |d 1935) | ||
| 245 | |a Escola d'Estiu del 1935 | ||
| 260 | |a [s.l.] : |b Generalitat de Catalunya, Escola Normal, |c 1935 | ||
| 300 | |a 6 p. ; |c 27 cm | ||
| 590 | |a Conté el pla general dels cursos, el calendari de classes, els professors ... | ||
| 650 | 0 | |a Mestres |x Educació (Educació permanent) |z Catalunya |9 22005 | |
| 856 | 4 | |u https://media.diba.cat/diba/fitxers/arxiu/fulletons/bib_12791_1935_baixa.pdf |y Accés lliure | |
| 856 | 4 | |u https://media.diba.cat/diba/fitxers/arxiu/fulletons/bib_12791_1935_baixa.pdf |y Accés lliure | |
| 856 | |u #M:\BibliotecaDigitalitzada\R012\R12791.pdf | ||
| 900 | |a bib_12791_1935_baixa.pdf | ||
| 901 | |a Arxiu | ||
| 942 | |n 1 |2 udc |c MON | ||
| 952 | |0 0 |1 0 |4 0 |6 RF1040 |7 1 |9 48622 |a Arxiu |b Arxiu |d 2016-12-01 |l 0 |o RF-10-40 |p 12791 |r 2016-12-01 00:00:00 |w 2016-12-01 |y ARXIU | ||
| 999 | |c 52452 |d 52452 | ||